000
00298nam a2200133Ia 4500
005
20251222143133.0
008
251222s9999||||xx |||||||||||||| ||spa||
020
_a
84-254-1420-2
082
_a
236/N71
100
_a
Nocke, Franz-Josef
245
0
_a
Escatología
264
_b
Herder
942
_c
LIB
999
_c
12015
_d
12015